| 000 | 00749nam a2200217 a 4500 | ||
|---|---|---|---|
| 001 | 658 | ||
| 003 | CDMR | ||
| 005 | 20131125111913.0 | ||
| 008 | 130130s1971||||||||||||||||||||||||||||d | ||
| 040 |
_aCDMR _bcat _cCDMR |
||
| 100 | 1 |
_aCastro Fariñas, José Ángel _9500 |
|
| 245 | 1 | 0 |
_aDe la libertad de prensa _cJ. A. Castro Fariñas |
| 260 |
_aMadrid _c1971 _bFragua |
||
| 300 | _a496 p. | ||
| 500 | _aConté l'anàlisi de l'ordenament jurídic de 48 països i de la situació de les relacions entre premsa i estat, per continents, entre 1960 i 1968 | ||
| 650 | 0 | 4 |
_91582 _aLlibertat d'impremta |
| 650 | 0 | 4 |
_92737 _aPremsa _xDret i legislació |
| 650 | 0 | 4 |
_93470 _aPremsa i política |
| 650 | 0 | 4 |
_93728 _aPremsa _xPolítica governamental |
| 942 |
_cMON _2udc |
||
| 999 |
_c658 _d658 |
||